000 00322 a2200145 4500
001 177282
020 _a
040 _cMagnum
100 _aLuquini, Joselma
240 1 0 _aJojo e palito: belo, meu amor
_lpor
245 1 0 _aJojo e palito: belo, meu amor
362 0 _a1899
697 _aMAGNITO: IJ/CONTOS
942 _cBK
999 _c177282
_d177282